Top 15 Covid-19 getroffen landen - 31 januari - Statistieken

Algemene statistieken
  • Deze quiz is 8 keer genomen
  • De gemiddelde score is 15 van 28
Antwoordstatistieken
land % Correct
België
100%
Brazilië
100%
Frankrijk
100%
Italië
100%
Nederland
100%
Spanje
100%
Verenigde Staten
100%
Verenigd Koninkrijk
100%
Duitsland
80%
India
80%
Polen
80%
Rusland
80%
Argentinië
60%
Portugal
60%
Israël
40%
Kroatië
40%
Mexico
40%
Tsjechië
40%
Zuid-Afrika
40%
Zwitserland
40%
Litouwen
20%
Slovenië
20%
Turkije
20%
Armenië
0%
Bahrein
0%
Colombia
0%
Georgië
0%
Panama
0%
Geen overeenkomende quizzen gevonden
Scoreverdeling
Procent van Mensen met Elke Score
Percentiel versus Aantal Correcte Antwoorden
Uw Scoregeschiedenis
U heeft deze quiz nog niet genomen